Groups of Things - Harry Potter (part 4) - Statistics

General Stats
  • This quiz has been taken 52 times
  • The average score is 16 of 44
Answer Stats
Hint Answer % Correct
Seekers of Hogwarts in Harry's time Harry Potter
92%
Seekers of Hogwarts in Harry's time Draco Malfoy
89%
Magical Modes of transport used by Harry Broom
79%
Seekers of Hogwarts in Harry's time Cho Chang
71%
Known Squibs Argus Filch
68%
Seekers of Hogwarts in Harry's time Cedric Diggory
68%
Seekers of Hogwarts in Harry's time Ginny Weasley
63%
Magical Modes of transport used by Harry Hogwarts Express
63%
Known Squibs Arabella Figg
61%
Magical Modes of transport used by Harry Thestral
61%
Magical Modes of transport used by Harry Flying Ford Anglia
58%
St Mungo's Patients Alice Longbottom
55%
St Mungo's Patients Frank Longbottom
55%
Diagon Alley businesses Ollivanders
55%
St Mungo's Patients Arthur Weasley
50%
Magical Modes of transport used by Harry Floo Network
50%
Magical Modes of transport used by Harry Apparition
47%
St Mungo's Patients Gilderoy Lockhart
45%
Magical Modes of transport used by Harry Knights Bus
45%
Magical Modes of transport used by Harry Portkey
45%
Magical Modes of transport used by Harry Hippogriff
34%
Diagon Alley businesses Flourish and Blotts
32%
Diagon Alley businesses Leaky Cauldron
32%
Diagon Alley businesses Madam Malkin's Robes for All Occasions
29%
Magical Modes of transport used by Harry Autonomus boat
26%
St Mungo's Patients Broderick Bode
26%
Diagon Alley businesses Weasleys' Wizard Wheezes
26%
Diagon Alley businesses Eeylops Owl Emporium
21%
Diagon Alley businesses Florean Fortescue's Ice Cream Parlour
16%
Diagon Alley businesses Quality Quidditch Supplies
16%
Seekers of Hogwarts in Harry's time Terence Higgs
16%
Diagon Alley businesses Magical Menagerie
13%
Magical Modes of transport used by Harry Sirius Motorbike
13%
Diagon Alley businesses Gringotts Wizarding Bank
11%
St Mungo's Patients Katie Bell
11%
St Mungo's Patients Minerva McGonagall
11%
Diagon Alley businesses Gambol and Japes Wizarding Joke Shop
8%
St Mungo's Patients Agnes
5%
Seekers of Hogwarts in Harry's time Harper
5%
St Mungo's Patients Nymphadora Tonks
5%
Diagon Alley businesses Potage's Cauldron Shop
5%
Diagon Alley businesses Scribbulus Writing Implements
5%
Seekers of Hogwarts in Harry's time Summerby
5%
Diagon Alley businesses Twilfitt and Tattings
3%
No matching quizzes found
Score Distribution
Percent of People with Each Score
Percentile by Number Answered
Your Score History
You have not taken this quiz